| 000 | 00481nam a2200145 a 4500 | ||
|---|---|---|---|
| 001 | 000027415 | ||
| 005 | 20200930030822.0 | ||
| 008 | 110331s1990 xxua 000 0 spa d | ||
| 040 |
_aDO-SdBNP _bspa _cBNPHU |
||
| 082 |
_axxxx _bE87m |
||
| 245 | 0 | 0 |
_aEugenio María de Hostos / _ccompilador Amin C. Cruz. |
| 260 |
_aEstados Unidos : _bFundación del Libro Dominicano en New York _bHostos Community College, _c1990. |
||
| 300 |
_a144 p. : _bil. ; _c19 cm. |
||
| 700 | 1 |
_aCruz, Amin C. _954486 |
|
| 999 |
_c26907 _d26907 |
||